Länder, die mit P starten - Umriss Quiz - Statistiken

Allgemein
  • Dieses Quiz wurde 68 mal gespielt
  • Das Durchschnittsergebnis liegt bei 7 aus 9
Antwortstatistiken
Bildquiz Antwort % Korrekt
Portugal
95%
Philippinen
86%
Polen
82%
Pakistan
74%
Peru
74%
Panama
70%
Papua-Neuguinea
70%
Palau
68%
Paraguay
60%
Keine übereinstimmenden Quizze gefunden
Verteilung der Resultate
Anzahl Personen mit jedem Resultat
Perzentil nach korrekt beantworteten Fragen
Ihre Resultats-Entwicklung
Sie haben dieses Quiz noch nicht gespielt